[Event "CZE-chT2f 0607"]
[Site "Czech Republic"]
[Date "2006.12.03"]
[Round "4.5"]
[White "Rakus, Pavel"]
[Black "Kasparek, Ivo"]
[Result "1/2-1/2"]
[WhiteElo "2098"]
[BlackElo "1728"]
[PlyCount "23"]
[EventDate "2006.10.14"]
[EventType "team"]
[EventRounds "11"]
[EventCountry "CZE"]
[SourceTitle "EXT 2009"]
[Source "ChessBase"]
[SourceDate "2008.11.26"]
[SourceVersion "1"]
[SourceVersionDate "2008.11.26"]
[SourceQuality "1"]

1. Nf3 Nc6 2. d4 d5 3. c4 dxc4 4. Nc3 Bg4 5. e3 e6 6. Bxc4 Nf6 7. h3 Bxf3 8. Qxf3 Bb4 9. Bb5 Qd7 10. 0-0 Bxc3 11. bxc3 0-0 12. Ba3 1/2-1/2

[Event "Moravia-ch"]
[Site "Moravia"]
[Date "1997.??.??"]
[Round "?"]
[White "Podbrdsky, Pavel"]
[Black "Kasparek, Ivo"]
[Result "1-0"]
[WhiteElo "1750"]
[BlackElo "1805"]
[PlyCount "47"]
[EventDate "1997.??.??"]
[EventType "swiss"]
[EventRounds "9"]
[EventCountry "CZE"]
[SourceTitle "EXT 1999"]
[Source "ChessBase"]
[SourceDate "1998.11.16"]
[SourceVersion "1"]
[SourceVersionDate "1998.11.16"]
[SourceQuality "1"]

1. e4 e5 2. Nf3 Nc6 3. Bb5 Nge7 4. 0-0 d6 5. d4 exd4 6. Nxd4 Bd7 7. Nc3 Ne5 8. Bxd7+ Qxd7 9. Re1 g6 10. Nd5 Nxd5 11. exd5 0-0-0 12. Be3 Bg7 13. Qe2 Qg4 14. Qb5 a6 15. Qf1 h5 16. b4 h4 17. h3 Qe4 18. b5 Qxd5 19. bxa6 bxa6 20. Qxa6+ Qb7 21. Qa4 c5 22. Rab1 Qd5 23. Rb5 Qc4 24. Qa7 1-0

[Event "Moravia-ch"]
[Site "Moravia"]
[Date "1997.??.??"]
[Round "?"]
[White "Stuchly, Radim"]
[Black "Kasparek, Ivo"]
[Result "1-0"]
[WhiteElo "1975"]
[BlackElo "1805"]
[PlyCount "63"]
[EventDate "1997.??.??"]
[EventType "swiss"]
[EventRounds "9"]
[EventCountry "CZE"]
[SourceTitle "EXT 1999"]
[Source "ChessBase"]
[SourceDate "1998.11.16"]
[SourceVersion "1"]
[SourceVersionDate "1998.11.16"]
[SourceQuality "1"]

1. e4 e5 2. d4 Nc6 3. d5 Nce7 4. Bg5 f6 5. Be3 Ng6 6. Qh5 Bb4+ 7. Nd2 N8e7 8. Bd3 d6 9. Ne2 Bd7 10. 0-0 Qc8 11. h3 0-0 12. Nb3 c6 13. c4 b6 14. a3 Bc5 15. Nxc5 bxc5 16. b4 cxd5 17. cxd5 cxb4 18. axb4 a6 19. Rfc1 Qb7 20. Rab1 Bb5 21. Bxb5 Qxb5 22. Nc3 Qd7 23. Qd1 Rfc8 24. Na4 Rxc1 25. Rxc1 Rc8 26. Rxc8+ Nxc8 27. Qc2 Nge7 28. Nb2 Kf8 29. Qa4 Qb7 30. Nc4 f5 31. f3 Na7 32. Nxd6 1-0